000 00458nam a2200181Ia 4500
001 9686
005 20260306161736.0
008 260306t2009||||xx |||||||||||||| ||spa||
041 _aESP
082 _a394.266
_bT12
100 _aTacca Quispe, Lorenzo Wilbert
_eAUT
245 0 _aLa semana santa de Arequipa:
_by festividades asociadas
260 _c2009
300 _a80 páginas :
_c14 cm
650 _aGEN
654 _aCHU
942 _cLIB
_dJUS
_fJUS
_2ddc
_n
999 _c9686
_d9686